Optimization of Software to Attain Optimum Cost and Flexibility for Automatin Wide Range of Industrial Processes \ (Record no. 525155)

000 -LEADER
fixed length control field 00599nam a22001817a 4500
003 - CONTROL NUMBER IDENTIFIER
control field NUST
005 - DATE AND TIME OF LATEST TRANSACTION
control field 20190628072621.0
008 - FIXED-LENGTH DATA ELEMENTS--GENERAL INFORMATION
fixed length control field 190628b ||||| |||| 00| 0 eng d
038 ## - RECORD CONTENT LICENSOR
Staff Name Mr.Atta
082 ## - DEWEY DECIMAL CLASSIFICATION NUMBER
Classification number 005.1
100 ## - MAIN ENTRY--PERSONAL NAME
Personal name Muhammad Waseem Anwar
9 (RLIN) 15911
245 ## - TITLE STATEMENT
Title Optimization of Software to Attain Optimum Cost and Flexibility for Automatin Wide Range of Industrial Processes \
Statement of responsibility, etc. Muhammad Waseem Anwar
260 ## - PUBLICATION, DISTRIBUTION, ETC.
Place of publication, distribution, etc. Islamabad :
Name of publisher, distributor, etc. CEME NUST,
Date of publication, distribution, etc. 2014.
300 ## - PHYSICAL DESCRIPTION
Extent ill : xii, 107 p. ;
Dimensions 30cm.
500 ## - GENERAL NOTE
General note Hardcover.
600 ## - SUBJECT ADDED ENTRY--PERSONAL NAME
Personal name Computer Engineering -MS- Thesis
9 (RLIN) 15646
942 ## - ADDED ENTRY ELEMENTS (KOHA)
Source of classification or shelving scheme
Koha item type Thesis
Holdings
Withdrawn status Lost status Source of classification or shelving scheme Damaged status Not for loan Permanent Location Current Location Shelving location Date acquired Total Checkouts Full call number Barcode Date last seen Price effective from Koha item type
          Central Library (CL) Central Library (CL) Thesis 06/28/2019   005.1 CL-T-153 06/30/2019 06/28/2019 Thesis
© 2023 Central Library, National University of Sciences and Technology. All Rights Reserved.